000 00382nam a2200145 i 4500
001 bg
100 1 _aMOTYLEWSKI, J.
245 0 _aBadania fizykochemicznych własności materiałów... /
_cJ. Motylewski, J. Ranachowski.
260 _aWarszawa,
_c1983.
700 1 _aRANACHOWSKI, J.
040 _cBPK
041 _apol
942 _cKS
008 s pl f |000 0 pol
999 _c22381
_d22381
856 _uhttp://koha.tu.koszalin.pl/cgi-bin/koha/opac-detail.pl?biblionumber=22381
_yKatalog online BPK